KOHA-Header-6

Quaid-e-Azam Afkar-o-Kirdar (Record no. 12856)

000 -LEADER
fixed length control field 00222nam a22000977a 4500
082 ## - DEWEY DECIMAL CLASSIFICATION NUMBER
Classification number 324.22
100 ## - MAIN ENTRY--AUTHOR NAME
Personal name Raja Rasheed Mehmood
245 ## - TITLE STATEMENT
Title Quaid-e-Azam Afkar-o-Kirdar
260 ## - PUBLICATION, DISTRIBUTION, ETC. (IMPRINT)
Place of publication Pakistan
Name of publisher Darul Noman
Year of publication 2018
942 ## - ADDED ENTRY ELEMENTS (KOHA)
Koha item type Books
Holdings
Withdrawn status Lost status Collection code Permanent Location Current Location Shelving location Date acquired Full call number Accession Number Koha item type
    Jinnah Corner MAJU MAJU   2020-12-21 324.22 9984 Jinnah Corner

Powered by Koha